[Event "9th Holuj-Radzikowska 2019"]
[Site "Wroclaw"]
[Date "2019.12.11"]
[Round "5"]
[White "Majdan, Joanna"]
[Black "Bodnaruk, Anastasia"]
[Result "0-1"]
[WhiteElo "2336"]
[BlackElo "2413"]
[Annotator "NA"]
[PlyCount "88"]
[EventDate "2019.12.06"]
[EventType "team-tourn"]
[EventCountry "POL"]
[SourceTitle "playchess.com"]
[Source "ChessBase"]
[SourceQuality "1"]
[TimeControl "40/5400+30:1800+30"]

1. e4 {[%emt 0:00:00]} c5 {[%emt 0:00:00]} 2. Nf3 {[%emt 0:00:00]} d6 {[%emt 0:00:00]} 3. d4 {[%emt 0:00:00]} cxd4 {[%emt 0:00:00]} 4. Nxd4 {[%emt 0:00:00]} Nf6 {[%emt 0:00:00]} 5. Nc3 {[%emt 0:00:00]} a6 {[%emt 0:00:00]} 6. Be3 {[%emt 0:00:11]} e5 {[%emt 0:01:09]} 7. Nf3 {[%emt 0:00:26]} Qc7 {[%emt 0:07:31]} 8. a4 {[%emt 0:01:51]} Be7 {[%emt 0:00:50]} 9. Be2 {[%emt 0:00:40]} O-O {[%emt 0:01:59]} 10. O-O {[%emt 0:01:22]} Nbd7 {[%emt 0:02:30]} 11. Nd2 {[%emt 0:03:51]} b6 {[%emt 0:06:07]} 12. g4 $14 {[%emt 0:02:01]} Bb7 {[%emt 0:02:44]} 13. g5 {[%emt 0:00:08]} Ne8 {[%emt 0:00:04]} 14. Nc4 {[%emt 0:04:12]} g6 {[%emt 0:14:01]} 15. Nd5 {[%emt 0:06:09]} Bxd5 {[%emt 0:00:27]} 16. Qxd5 {[%emt 0:00:04]} Ng7 {[%emt 0:04:16]} 17. Rfd1 {[%emt 0:08:45]} Ne6 {[%emt 0:24:12]} 18. Nxd6 {[%emt 0:09:21]} Bxd6 {[%emt 0:13:51]} 19. Qxd6 {[%emt 0:00:05]} Qxc2 {[%emt 0:00:12]} 20. Bd3 {[%emt 0:11:50]} Qb3 {[%emt 0:00:30]} 21. Qa3 {[%emt 0:10:32]} Ndc5 {[%emt 0:02:39]} 22. Qxb3 {[%emt 0:00:10]} Nxb3 {[%emt 0:00:01]} 23. Ra3 {[%emt 0:00:42]} Nbd4 {[%emt 0:03:15]} 24. Bc4 {[%emt 0:01:20]} Rad8 {[%emt 0:08:58]} 25. Bd5 {[%emt 0:11:18]} Nc2 {[%emt 0:03:07]} 26. Bxb6 {[%emt 0:03:06]} Nxa3 {[%emt 0:00:37]} 27. Bxd8 {[%emt 0:00:05]} Rxd8 {[%emt 0:00:03]} 28. bxa3 {[%emt 0:00:05]} Nxg5 {[%emt 0:00:55]} 29. Rb1 {[%emt 0:02:12]} Nh3+ {[%emt 0:01:20]} 30. Kf1 {[%emt 0:10:48]} Nf4 {[%emt 0:00:03]} 31. Rb6 {[%emt 0:00:53]} Nxd5 {[%emt 0:00:45]} 32. exd5 {[%emt 0:00:03]} Rxd5 {[%emt 0:00:07]} 33. Rxa6 {[%emt 0:00:04]} Rd3 {[%emt 0:00:44]} 34. Ra8+ {[%emt 0:02:12]} Kg7 {[%emt 0:00:01]} 35. a5 {[%emt 0:00:29]} Rxa3 {[%emt 0:00:03]} 36. a6 {[%emt 0:00:02]} Ra2 {[%emt 0:02:18]} 37. Kg2 {[%emt 0:02:54]} e4 {[%emt 0:00:51]} 38. Kg3 {[%emt 0:00:59]} f5 {[%emt 0:00:12]} 39. h4 {[%emt 0:02:43]} Ra3+ {[%emt 0:02:01]} 40. Kg2 {[%emt 0:00:00]} Ra2 {[%emt 0:00:00]} 41. Kg3 {[%emt 0:01:00]} Ra3+ {[%emt 0:12:55]} 42. Kg2 {[%emt 0:00:05]} Kf6 {[%emt 0:00:25]} 43. a7 {[%emt 0:04:53]} Kg7 {[%emt 0:00:06]} 44. Kf1 {[%emt 0:00:04]} Kh6 {[%emt 0:03:12]} 0-1

[Event "9th Holuj-Radzikowska 2019"]
[Site "Wroclaw"]
[Date "2019.12.12"]
[Round "6"]
[White "Arabidze, Meri"]
[Black "Antolak, Julia"]
[Result "0-1"]
[WhiteElo "2435"]
[BlackElo "2249"]
[Annotator "ChessBase"]
[PlyCount "100"]
[EventDate "2019.12.06"]
[EventType "team-tourn"]
[EventCountry "POL"]
[SourceTitle "playchess.com"]
[Source "ChessBase"]
[SourceQuality "1"]
[TimeControl "40/5400+30:1800+30"]

1. d4 Nf6 2. c4 d6 3. Nc3 Nbd7 4. Nf3 e5 5. g3 Be7 6. Bg2 c6 7. O-O O-O 8. Qc2 Re8 9. b3 Bf8 10. e4 a6 11. Rd1 Qc7 12. Bb2 b5 13. c5 dxc5 14. dxe5 Nxe5 15. Nxe5 Rxe5 16. Ne2 Re8 17. Bxf6 gxf6 18. Nf4 Bg4 19. f3 Be6 20. Kh1 Red8 21. Nxe6 fxe6 22. Bh3 e5 23. f4 exf4 24. gxf4 Qxf4 25. Rg1+ Kh8 26. Raf1 Rd2 27. Rxf4 Rxc2 28. Rxf6 Bg7 29. Rxc6 Rxa2 30. Bf5 Bd4 31. Rg4 Rg8 32. Rxg8+ Kxg8 33. Bc8 a5 34. Ba6 c4 35. bxc4 b4 36. c5 Rc2 37. Rc8+ Kg7 38. c6 b3 39. Bd3 Rc3 40. c7 Be5 41. Kg2 Bxc7 42. Bb1 h5 43. e5 Bxe5 44. Rxc3 Bxc3 45. Bd3 a4 46. Bc4 Kf6 47. Kf3 Ke5 48. Ke3 Kd6 49. Kd3 Be5 50. h3 Kc5 {Kd4+} 0-1

[Event "9th Holuj-Radzikowska 2019"]
[Site "Wroclaw"]
[Date "2019.12.12"]
[Round "6"]
[White "Zatonskih, Anna"]
[Black "Majdan, Joanna"]
[Result "1/2-1/2"]
[WhiteElo "2420"]
[BlackElo "2336"]
[Annotator "ChessBase"]
[PlyCount "61"]
[EventDate "2019.12.06"]
[EventType "team-tourn"]
[EventCountry "POL"]
[SourceTitle "playchess.com"]
[Source "ChessBase"]
[SourceQuality "1"]
[TimeControl "40/5400+30:1800+30"]

1. d4 {[%emt 0:00:00]} c5 {[%emt 0:00:00]} 2. d5 {[%emt 0:03:49]} g6 {[%emt 0:00:00]} 3. e4 {[%emt 0:06:41]} Bg7 {[%emt 0:00:10]} 4. Bd3 {[%emt 0:03:01]} d6 {[%emt 0:06:23]} 5. Ne2 {[%emt 0:03:50]} Nf6 {[%emt 0:04:14]} 6. c4 {[%emt 0:02:10]} O-O {[%emt 0:00:10]} 7. O-O {[%emt 0:04:33]} e6 {[%emt 0:03:59]} 8. Nbc3 {[%emt 0:01:19]} exd5 {[%emt 0:00:16]} 9. cxd5 {[%emt 0:12:09]} a6 {[%emt 0:00:50]} 10. a4 {[%emt 0:00:13]} Re8 {[%emt 0:01:02]} 11. Ng3 {[%emt 0:07:51]} h5 {[%emt 0:01:05]} 12. f3 {[%emt 0:02:10]} h4 {[%emt 0:07:42]} 13. Nh1 {[%emt 0:02:52]} h3 {[%emt 0:03:16]} 14. g3 {[%emt 0:03:17]} Qc7 {[%emt 0:03:11]} 15. Re1 {[%emt 0:05:15]} Nbd7 {[%emt 0:06:39]} 16. Nf2 {[%emt 0:00:24]} c4 {[%emt 0:00:23]} 17. Bf1 {[%emt 0:00:32]} Ne5 {[%emt 0:01:33]} 18. Be3 {[%emt 0:03:25]} Qa5 {[%emt 0:08:55]} 19. g4 {[%emt 0:17:02]} Nfd7 {[%emt 0:03:38]} 20. Bxh3 {[%emt 0:00:55]} Nc5 {[%emt 0:00:48]} 21. Bf1 {[%emt 0:00:44]} Qb4 {[%emt 0:02:32]} 22. Rb1 {[%emt 0:02:48]} Bd7 {[%emt 0:04:01]} 23. f4 {[%emt 0:04:47]} Ned3 {[%emt 0:00:42]} 24. Bxd3 {[%emt 0:00:52]} Nxd3 {[%emt 0:01:09]} 25. Nxd3 {[%emt 0:02:18]} cxd3 {[%emt 0:00:08]} 26. Qxd3 {[%emt 0:02:40]} Bxg4 {[%emt 0:00:39]} 27. Bd2 {[%emt 0:01:29]} Qd4+ {[%emt 0:07:10]} 28. Qxd4 {[%emt 0:00:16]} Bxd4+ {[%emt 0:00:04]} 29. Kg2 {[%emt 0:00:29]} Rac8 {[%emt 0:02:46]} 30. Kg3 {[%emt 0:01:48]} Bd7 {[%emt 0:00:07]} 31. Kf3 {[%emt 0:01:44]} 1/2-1/2

[Event "9th Holuj-Radzikowska 2019"]
[Site "Wroclaw"]
[Date "2019.12.12"]
[Round "6"]
[White "Bodnaruk, Anastasia"]
[Black "Cyfka, Karina"]
[Result "1-0"]
[WhiteElo "2413"]
[BlackElo "2410"]
[Annotator "ChessBase"]
[PlyCount "115"]
[EventDate "2019.12.06"]
[EventType "team-tourn"]
[EventCountry "POL"]
[SourceTitle "playchess.com"]
[Source "ChessBase"]
[SourceQuality "1"]
[TimeControl "40/5400+30:1800+30"]

1. e4 {[%emt 0:00:00]} e5 {[%emt 0:00:00]} 2. Bc4 {[%emt 0:00:00]} Nc6 {[%emt 0:00:19]} 3. Nf3 {[%emt 0:00:00]} Nf6 {[%emt 0:00:31]} 4. d3 {[%emt 0:00:10]} Be7 {[%emt 0:02:21]} 5. O-O {[%emt 0:00:18]} O-O {[%emt 0:00:06]} 6. Re1 {[%emt 0:00:13]} d6 {[%emt 0:00:57]} 7. a4 {[%emt 0:00:33]} Na5 {[%emt 0:04:00]} 8. Ba2 {[%emt 0:00:30]} c5 {[%emt 0:00:24]} 9. c3 {[%emt 0:01:24]} Nc6 {[%emt 0:01:08]} 10. Na3 {[%emt 0:03:51]} Be6 {[%emt 0:05:32]} 11. Nc4 {[%emt 0:01:13]} h6 {[%emt 0:01:52]} 12. Bd2 {[%emt 0:01:06]} a6 {[%emt 0:02:07]} 13. b4 {[%emt 0:12:29]} cxb4 {[%emt 0:14:07]} 14. cxb4 {[%emt 0:00:04]} b5 {[%emt 0:01:18]} 15. axb5 {[%emt 0:05:16]} axb5 {[%emt 0:00:18]} 16. Na5 {[%emt 0:00:06]} Bxa2 {[%emt 0:08:46]} 17. Rxa2 {[%emt 0:02:02]} Qd7 {[%emt 0:00:29]} 18. Qa1 {[%emt 0:12:33]} Rac8 {[%emt 0:08:55]} 19. Nxc6 {[%emt 0:06:03]} Rxc6 {[%emt 0:02:02]} 20. d4 {[%emt 0:02:58]} Bd8 {[%emt 0:04:56]} 21. dxe5 {[%emt 0:03:52]} Ng4 {[%emt 0:00:08]} 22. exd6 {[%emt 0:09:04]} Rxd6 {[%emt 0:13:55]} 23. h3 {[%emt 0:03:08]} Bf6 {[%emt 0:05:37]} 24. e5 {[%emt 0:05:08]} Nxe5 {[%emt 0:00:21]} 25. Rxe5 {[%emt 0:00:15]} Rd3 {[%emt 0:02:34]} 26. Qe1 {[%emt 0:04:57]} Bxe5 {[%emt 0:01:16]} 27. Nxe5 {[%emt 0:03:31]} Qe6 {[%emt 0:01:03]} 28. Nxd3 {[%emt 0:00:18]} Qxa2 {[%emt 0:00:05]} 29. Bc3 {[%emt 0:02:01]} Qc4 {[%emt 0:02:32]} 30. Nc5 {[%emt 0:01:34]} Rd8 {[%emt 0:01:16]} 31. Qe3 {[%emt 0:06:09]} f6 {[%emt 0:04:30]} 32. Kh2 {[%emt 0:03:59]} Kf7 {[%emt 0:01:54]} 33. Qg3 {[%emt 0:01:24]} Qd5 {[%emt 0:05:36]} 34. Qc7+ {[%emt 0:01:47]} Kg6 {[%emt 0:00:06]} 35. Ne6 {[%emt 0:02:40]} Qd6+ {[%emt 0:00:21]} 36. Qxd6 {[%emt 0:00:15]} Rxd6 {[%emt 0:00:01]} 37. Nd4 {[%emt 0:02:09]} Rd5 {[%emt 0:01:21]} 38. g4 {[%emt 0:00:57]} h5 {[%emt 0:01:26]} 39. Kg3 {[%emt 0:00:52]} hxg4 {[%emt 0:00:17]} 40. hxg4 {[%emt 0:00:00]} Kf7 {[%emt 0:00:00]} 41. f4 {[%emt 0:04:13]} g6 {[%emt 0:04:29]} 42. Kf3 {[%emt 0:04:33]} Ke7 {[%emt 0:02:09]} 43. Ke4 {[%emt 0:01:35]} Kd6 {[%emt 0:01:49]} 44. Be1 {[%emt 0:04:48]} f5+ {[%emt 0:01:59]} 45. gxf5 {[%emt 0:00:04]} gxf5+ {[%emt 0:00:08]} 46. Nxf5+ {[%emt 0:00:12]} Ke6 {[%emt 0:00:10]} 47. Nd4+ {[%emt 0:01:17]} Kd6 {[%emt 0:00:16]} 48. Bg3 {[%emt 0:00:33]} Rh5 {[%emt 0:00:06]} 49. f5+ {[%emt 0:00:23]} Kd7 {[%emt 0:00:49]} 50. Kd5 {[%emt 0:02:40]} Rh3 {[%emt 0:02:24]} 51. Be5 {[%emt 0:00:47]} Rd3 {[%emt 0:01:44]} 52. f6 {[%emt 0:05:07]} Rd1 {[%emt 0:00:19]} 53. Bd6 {[%emt 0:00:42]} Rf1 {[%emt 0:00:23]} 54. Be7 {[%emt 0:00:14]} Ke8 {[%emt 0:02:21]} 55. Nxb5 {[%emt 0:00:34]} Rd1+ {[%emt 0:00:36]} 56. Nd4 {[%emt 0:01:24]} Kf7 {[%emt 0:00:14]} 57. b5 {[%emt 0:00:38]} Rb1 {[%emt 0:00:10]} 58. Kc6 {[%emt 0:00:23]} 1-0

[Event "9th Holuj-Radzikowska 2019"]
[Site "Wroclaw"]
[Date "2019.12.12"]
[Round "6"]
[White "Socko, Monika"]
[Black "Houska, Jovanka"]
[Result "1/2-1/2"]
[WhiteElo "2407"]
[BlackElo "2412"]
[Annotator "ChessBase"]
[PlyCount "95"]
[EventDate "2019.12.06"]
[EventType "team-tourn"]
[EventCountry "POL"]
[SourceTitle "playchess.com"]
[Source "ChessBase"]
[SourceQuality "1"]
[TimeControl "40/5400+30:1800+30"]

1. d4 {[%emt 0:00:00]} d5 {[%emt 0:00:00]} 2. c4 {[%emt 0:00:00]} e6 {[%emt 0:00:07]} 3. Nf3 {[%emt 0:00:00]} Nf6 {[%emt 0:01:01]} 4. g3 {[%emt 0:00:00]} Bb4+ {[%emt 0:00:04]} 5. Nbd2 {[%emt 0:00:04]} O-O {[%emt 0:00:17]} 6. Bg2 {[%emt 0:00:29]} b6 {[%emt 0:01:09]} 7. O-O {[%emt 0:00:09]} Bb7 {[%emt 0:00:09]} 8. a3 {[%emt 0:00:16]} Be7 {[%emt 0:00:58]} 9. b4 {[%emt 0:00:12]} Ne4 {[%emt 0:08:01]} 10. Bb2 {[%emt 0:03:51]} Nd7 {[%emt 0:09:02]} 11. c5 {[%emt 0:08:42]} f5 {[%emt 0:03:04]} 12. Qc2 {[%emt 0:04:00]} c6 {[%emt 0:00:19]} 13. Nxe4 {[%emt 0:10:11]} fxe4 {[%emt 0:00:49]} 14. Nd2 {[%emt 0:00:03]} Bf6 {[%emt 0:05:55]} 15. f3 {[%emt 0:02:10]} bxc5 {[%emt 0:01:48]} 16. bxc5 {[%emt 0:01:31]} e3 {[%emt 0:02:57]} 17. Nb3 {[%emt 0:00:40]} Ba6 {[%emt 0:01:35]} 18. Bc3 {[%emt 0:03:49]} e5 {[%emt 0:02:25]} 19. Bh3 {[%emt 0:08:48]} exd4 {[%emt 0:14:41]} 20. Nxd4 {[%emt 0:00:21]} Nxc5 {[%emt 0:02:03]} 21. Rad1 {[%emt 0:03:10]} Qb6 {[%emt 0:10:51]} 22. Bb4 {[%emt 0:04:19]} Bc4 {[%emt 0:00:11]} 23. Bf5 {[%emt 0:10:24]} g6 {[%emt 0:04:40]} 24. Ne6 {[%emt 0:12:12]} Nxe6 {[%emt 0:04:52]} 25. Bxe6+ {[%emt 0:00:15]} Kh8 {[%emt 0:01:50]} 26. Bxf8 {[%emt 0:00:24]} Rxf8 {[%emt 0:00:04]} 27. Rb1 {[%emt 0:00:55]} Qa6 {[%emt 0:00:17]} 28. Rfe1 {[%emt 0:00:09]} Qxa3 {[%emt 0:06:50]} 29. Rb7 {[%emt 0:00:36]} Qa6 {[%emt 0:01:35]} 30. Reb1 {[%emt 0:01:07]} Bd4 {[%emt 0:03:24]} 31. R7b4 {[%emt 0:00:59]} c5 {[%emt 0:01:52]} 32. Rxc4 {[%emt 0:02:36]} Qxc4 {[%emt 0:00:14]} 33. Qxc4 {[%emt 0:00:04]} dxc4 {[%emt 0:00:03]} 34. Bxc4 {[%emt 0:00:03]} a5 {[%emt 0:00:24]} 35. f4 {[%emt 0:02:33]} a4 {[%emt 0:01:34]} 36. Rb6 {[%emt 0:04:07]} Ra8 {[%emt 0:05:21]} 37. Ra6 {[%emt 0:01:53]} Rxa6 {[%emt 0:00:04]} 38. Bxa6 {[%emt 0:00:03]} Kg7 {[%emt 0:00:04]} 39. Bb5 {[%emt 0:00:12]} a3 {[%emt 0:00:04]} 40. Bc4 {[%emt 0:00:00]} h5 {[%emt 0:00:00]} 41. Kg2 {[%emt 0:01:57]} Bc3 {[%emt 0:05:55]} 42. Kf3 {[%emt 0:00:54]} Bd2 {[%emt 0:00:04]} 43. h3 {[%emt 0:00:57]} Kf6 {[%emt 0:03:13]} 44. g4 {[%emt 0:00:46]} hxg4+ {[%emt 0:00:32]} 45. hxg4 {[%emt 0:00:04]} g5 {[%emt 0:00:06]} 46. Ke4 {[%emt 0:00:13]} Bc1 {[%emt 0:03:22]} 47. Ba2 {[%emt 0:01:01]} Bd2 {[%emt 0:00:17]} 48. Bc4 {[%emt 0:00:04] Ke5+} 1/2-1/2

[Event "9th Holuj-Radzikowska 2019"]
[Site "Wroclaw"]
[Date "2019.12.12"]
[Round "6"]
[White "Zawadzka, Jolanta"]
[Black "Badelka, Olga"]
[Result "1/2-1/2"]
[WhiteElo "2400"]
[BlackElo "2399"]
[Annotator "ChessBase"]
[PlyCount "105"]
[EventDate "2019.12.06"]
[EventType "team-tourn"]
[EventCountry "POL"]
[SourceTitle "playchess.com"]
[Source "ChessBase"]
[SourceQuality "1"]
[TimeControl "40/5400+30:1800+30"]

1. e4 {[%emt 0:00:00]} c5 {[%emt 0:00:00]} 2. Nf3 {[%emt 0:00:00]} Nc6 {[%emt 0:00:00]} 3. d4 {[%emt 0:00:00]} cxd4 {[%emt 0:00:00]} 4. Nxd4 {[%emt 0:00:00]} e5 {[%emt 0:00:00]} 5. Nb5 {[%emt 0:00:00]} d6 {[%emt 0:00:01]} 6. c4 {[%emt 0:00:06]} Be7 {[%emt 0:00:11]} 7. N1c3 {[%emt 0:00:22]} a6 {[%emt 0:00:08]} 8. Na3 {[%emt 0:00:04]} f5 {[%emt 0:00:07]} 9. exf5 {[%emt 0:00:30]} Bxf5 {[%emt 0:00:06]} 10. Bd3 {[%emt 0:00:21]} Be6 {[%emt 0:00:09]} 11. O-O {[%emt 0:00:25]} Nf6 {[%emt 0:00:17]} 12. Nc2 {[%emt 0:00:25]} O-O {[%emt 0:00:34]} 13. Nd5 {[%emt 0:00:19]} Rb8 {[%emt 0:09:56]} 14. b3 {[%emt 0:01:08]} Rf7 {[%emt 0:11:55]} 15. Bb2 {[%emt 0:09:42]} Bf8 {[%emt 0:11:58]} 16. Nce3 {[%emt 0:03:20]} Ne7 {[%emt 0:02:43]} 17. Qd2 {[%emt 0:13:18]} Nfxd5 {[%emt 0:04:10]} 18. Nxd5 {[%emt 0:02:38]} Nxd5 19. cxd5 {[%emt 0:00:06]} Bf5 {[%emt 0:01:57]} 20. Bxf5 {[%emt 0:04:37]} Rxf5 {[%emt 0:00:07]} 21. Rac1 {[%emt 0:00:31]} Rf7 {[%emt 0:07:05]} 22. Rc2 {[%emt 0:05:38]} Rc8 {[%emt 0:01:01]} 23. Rfc1 {[%emt 0:09:03]} Rfc7 {[%emt 0:00:33]} 24. Rxc7 {[%emt 0:00:54]} Rxc7 {[%emt 0:00:04]} 25. g3 {[%emt 0:01:04]} Be7 {[%emt 0:06:29]} 26. h4 {[%emt 0:01:02]} Qc8 {[%emt 0:03:28]} 27. Rxc7 {[%emt 0:01:41]} Qxc7 {[%emt 0:00:03]} 28. Qd3 {[%emt 0:02:41]} Qc5 {[%emt 0:02:15]} 29. Bc3 {[%emt 0:05:05]} Bf6 {[%emt 0:05:47]} 30. Bd2 {[%emt 0:02:09]} Be7 {[%emt 0:07:06]} 31. Be3 {[%emt 0:02:56]} Qc8 {[%emt 0:00:12]} 32. Kh2 {[%emt 0:05:45]} g6 {[%emt 0:02:25]} 33. Qe4 {[%emt 0:04:37]} Kg7 {[%emt 0:01:18]} 34. a4 {[%emt 0:01:03]} h5 {[%emt 0:12:04]} 35. Bd2 {[%emt 0:04:57]} Qf5 {[%emt 0:03:31]} 36. Qe3 {[%emt 0:01:26]} Qf7 {[%emt 0:01:01]} 37. Kg1 {[%emt 0:04:29]} Kf8 {[%emt 0:03:35]} 38. Qd3 {[%emt 0:02:38]} Ke8 {[%emt 0:00:47]} 39. b4 {[%emt 0:03:34]} Bd8 {[%emt 0:00:56]} 40. Be3 {[%emt 0:00:00]} Qf5 {[%emt 0:00:00]} 41. Qb3 {[%emt 0:05:54]} g5 {[%emt 0:12:16]} 42. hxg5 {[%emt 0:01:27]} Bxg5 {[%emt 0:00:15]} 43. Bxg5 {[%emt 0:01:41]} Qxg5 {[%emt 0:00:03]} 44. Qc2 {[%emt 0:02:47]} Qg4 {[%emt 0:03:48]} 45. b5 {[%emt 0:01:47]} axb5 {[%emt 0:01:04]} 46. axb5 {[%emt 0:00:05]} h4 {[%emt 0:00:42]} 47. Kg2 {[%emt 0:03:44]} hxg3 {[%emt 0:00:45]} 48. f3 {[%emt 0:02:12]} Qh4 {[%emt 0:04:59]} 49. Qc8+ {[%emt 0:07:32]} Kf7 {[%emt 0:00:13]} 50. Qd7+ {[%emt 0:00:30]} Kg8 {[%emt 0:00:23]} 51. Qe8+ {[%emt 0:00:26]} Kg7 {[%emt 0:00:07]} 52. Qd7+ {[%emt 0:00:04]} Kg8 {[%emt 0:00:04]} 53. Qe8+ {[%emt 0:00:36]} 1/2-1/2

[Event "9th Holuj-Radzikowska 2019"]
[Site "Wroclaw"]
[Date "2019.12.12"]
[Round "6"]
[White "Sliwicka, Alicja"]
[Black "Bulmaga, Irina"]
[Result "0-1"]
[WhiteElo "2264"]
[BlackElo "2434"]
[Annotator "ChessBase"]
[PlyCount "136"]
[EventDate "2019.12.06"]
[EventType "team-tourn"]
[EventCountry "POL"]
[SourceTitle "playchess.com"]
[Source "ChessBase"]
[SourceQuality "1"]
[TimeControl "40/5400+30:1800+30"]

1. e4 e5 2. Nf3 Nc6 3. Nc3 Nf6 4. d4 exd4 5. Nxd4 Bb4 6. Nxc6 bxc6 7. Bd3 O-O 8. O-O Re8 9. Bg5 h6 10. Bh4 g5 11. Bg3 Bxc3 12. bxc3 Nxe4 13. Qh5 d6 14. f4 Bf5 15. Bxe4 Rxe4 16. Qxh6 Re6 17. Qh5 Qf6 18. fxg5 Qg6 19. Qf3 Be4 20. Qf4 Bxc2 21. Rae1 Rae8 22. Rxe6 Rxe6 23. Re1 Rxe1+ 24. Bxe1 Qe6 25. Bf2 c5 26. h4 Qxa2 27. Qf6 Qe6 28. Qd8+ Kg7 29. h5 Be4 30. h6+ Kh7 31. Qf8 Qg6 32. Be3 Bd5 33. Bd2 a6 34. c4 Bxc4 35. Bc3 Qg8 36. Qe7 Bd5 37. Bg7 Qc8 38. g6+ Kxg6 39. Qf6+ Kh7 40. Qg5 Be4 41. Bc3 Qg8 42. Bg7 Qe8 43. Bc3 Bg6 44. Qf6 Qg8 45. g4 d5 46. Be5 Be4 47. g5 a5 48. Bxc7 a4 49. Bd6 Qg6 50. Bxc5 Qxf6 51. gxf6 Kxh6 52. Kf2 Kg5 53. Bd4 Kf4 54. Bb2 Bd3 55. Ba3 Ke4 56. Ke1 Kd4 57. Kd2 Kc4 58. Bd6 Bf5 59. Be7 d4 60. Bd6 Kb3 61. Be5 d3 62. Kc1 a3 63. Bd4 Ka2 64. Bc3 Bg6 65. Bd2 Kb3 66. Bf4 d2+ 67. Kxd2 Kb2 68. Be5+ Kb1 0-1